North Korea or South Korea - Statistics

General Stats
  • This quiz has been taken 56 times
  • The average score is 12 of 15
Answer Stats
Question Answer % Correct
Has Pyongyang as its capital? North Korea
100%
Is one of the last communist countries? North Korea
100%
Borders more countries? North Korea
100%
Has more population? South Korea
100%
Has better life expectancy? South Korea
92%
Has more GDP? South Korea
92%
Has more GDP per Capita? South Korea
92%
Has hosted a soccer FIFA World Cup? South Korea
92%
Has better HDI Score? South Korea
92%
Has a majority white flag? South Korea
92%
Is larger by area? North Korea
85%
Owns Jeju Island? South Korea
85%
Has higher unemployment rate? North Korea
46%
Has a stronger army? South Korea
38%
Has longer coastline? North Korea
15%
No matching quizzes found
Score Distribution
Percent of People with Each Score
Percentile by Number Answered
Your Score History
You have not taken this quiz